01158nam a22002291i 45000010005000000030003000050050017000080200035000250400035000600820015000951000029001102450045001392600032001843000039002164900027002555000022002825050006003045200558003105210018008685210018008866550024009041922Uk20231010144748.0 a9781407139562 (pbk.) :c£4.99 aStDuBDSbengcStDuBDSdUkerda04a823.922231 aCollins, Poppy,eauthor.10aViolet in Jewel Forest /cPoppy Collins. aLondon :bScholastic,c2014 a87 pages :billustrations ;c20 cm0 aFashion fairy princess aFormerly CIP.5Uk aO aThe fashion fairy princesses have been invited to the coronation of a new Pixie Tree Princess in Jewel Forest. They have great fun putting together outfits for the event. Jewel Forest is not far and the princesses fly there easily - but when they arrive, the place is in a panic. The new Pixie Tree Princess's crown has been stolen! Violet insists that the four of them journey across the twinkling treetop bridges to retrieve it. But now it is too dark for the princesses to find their way back! Violet must use her bravery and cunning to save the day. a820 bLexile aO bRaz-Plus 0aChildren's stories.